000 00646nam a2200241Ia 4500
003 OSt
005 20221005085030.0
006 a|||||r|||| 00| 0
007 ta
008 221004b |||||||| |||| 00| 0 eng d
024 _a99666
037 _cTextual
040 _aCRL
_cCRL
_beng
041 _2eng
_aeng
082 _aO13vC, 111K2
100 _aSinclair T. A.
_9120562
245 0 _aHistory of classical Greek literature
260 _aNew York
_bCollier Books U.S.A
_c1962
300 _a388p.
_ccm.
650 _aENGLISH LITERATURE
942 _hO13vC, 111K2
_cTEXL
_2cc
999 _c993512
_d993512